000 00673nam a2200217Ia 4500
003 GCL
008 140319s9999 xx 000 0 ara d
040 _aGCL /
_cGCL
082 0 4 _a415.1
_bا ا
100 1 _aاحمد محمد شاكر
245 1 0 _aاصلاح المنطق /
_cاحمد محمد شاكر
700 1 _aابن السكيت : ابو يوسف يعقوب بن اسحاق
700 1 _aعبدالسلام محمد هارون
260 _a[S.N] :
_bدار المعارف ،
_c1949
300 _a517 ص
490 _aذخائر العرب
_v0
650 0 4 _aتاريخ
650 0 4 _aالنحو
650 0 4 _aاللغة العربية
942 _2ddc
_cBK
999 _c27923
_d27923